000 06383namaa22004211i 4500
003 OSt
005 20260520120018.0
008 250827s2025 ua a|||frm||| 000 0 eng d
040 _aEG-GICUC
_bara
_cEG-GICUC
_dEG-GICUC
_erda
041 0 _aara
_bara
_beng
049 _aإيداع
082 0 4 _a341.481
092 _a341.481
_221
097 _aدكتوراه‎
099 _aCai01.03.04.Ph.D.2025.هب.ت
100 0 _a،هبـه سميـر يوسـف متــولي حسيـن
_eإعداد.
245 1 0 _aتداعيات استخدام القوة المسلحة على فاعلية القانون الدولي الانساني وقانون حقوق الانسان :
_bدراسة في ضوء مبدأ مسؤولية الحماية الدولية /
_cإعداد هبـه سميـر يوسـف متــولي حسيـن؛ إشراف أ.د/ أحمد الرشيدي، د.هالة أحمد الرشيدي.
246 1 5 _aRepercussions of the use of force on the effectiveness of international humanitarian law and human rights law :
_bStudy in the light of the principle of the responsibility to protect /
264 0 _c2025.
300 _a327 صفحة :
_bإيضاحيات ؛
_c25 سم. +
_eCD.
336 _atext
_2rda content
337 _aUnmediated
_2rdamedia
338 _avolume
_2rdacarrier
502 _aأطروحة (دكتوراه)-جامعة القاهرة، 2025.
504 _aببليوجرافيا: صفحات 296-316.
520 _aتسلط الدراسة الضوء على واحدة من المواقف المعقدة للغاية التي تم تجاهلها إلى حد كبير وهي الصلة بين R2P والجرائم الفظيعة الدائمة داخل الأراضي الفلسطينية المحتلة، وغزة من جولات الحرب المتكررة والحصار، والفصل العنصري المستمر، والاضطهاد والتطهير العرقي. وتسعى هذه الدراسة لبحث إذا كان مبدأ المسؤولية عن الحماية (R2P) ينطبق على النزاع المستمر في غزة وما إذا كان النظر إلى النزاع من خلال إطار المسؤولية عن الحماية مفيداً أو لا؛ فعلى الرغم من ان R2P تنطبق عادة على النزاعات داخل الدولة إلا ان الوضع القانوني لغزة وخضوعها للاحتلال المطول يعقد هذا الأمر. وتوصلت الدراسة الى التشكيك في - حتى اذا صح تطبيق R2p بموجب التفسير الواسع للمادة ١٣٩-، الاحتجاج ب R2P سيحقق أهدافه بحماية المدنيين في هذا الوضع المُسيس للغاية؛ وبشكل خاص في ظل العدوان الإسرائيلي على غزة بعد السابع من أكتوبر ٢٠٢٣ فبالنظر إلى ردود الحكومة الإسرائيلية الرافضة على الانتقادات للطريقة التي شنت بها هجومها في غزة من الأمم المتحدة ، و رد فعلها تجاه المنظمات غير الحكومية للإغاثة والتنمية وحقوق الإنسان؛ يتضح أن مختلف الاستجابات والعقوبات الدولية غير العسكرية المتاحة بموجب المسؤولية عن الحماية لن يكون لها أي تأثير.أما بالنسبة للرد العسكري المسموح به بموجب R2P؛ فلن يتمكن من الوفاء بمعيار الاحتمال المعقول للنجاح الذي يعد أحد أسئلة العتبة الستة التي يجب الإجابة عليها جميعاً بالإيجاب من أجل تبرير التدخل القسري؛ وذلك لأن إسرائيل قوة نووية وحليف قوى عظمى نووية ايضاً، والتدخل المسلح بموجب المسؤولية عن الحماية يعتمد بالأساس على موافقة مجلس الأمن فهي رهن المصالح السياسية للأعضاء الخمسة الدائمين في مجلس الأمن الذين يملكون حق النقض الفيتو؛ وبالتالي ستستخدمه الولايات المتحدة الأمريكية في أي محاولة لتوبيخ إسرائيل.
520 _aThe study investigates the applicability of the Responsibility to Protect (R2P) doctrine in interstate conflicts, particularly in the context of the Israeli aggression on Gaza after October 7th, 2023. It highlights the ambiguity surrounding R2P’s scope, traditionally confined to intra-state wars, and explores whether it can be extended to international armed conflicts where the perpetrator and victims belong to different states. The analysis considers Gaza’s status as part of the State of Palestine and Israel’s de facto occupation despite its 2005 disengagement. The study examines whether R2P’s application can effectively protect civilians and halt atrocities in such conflicts. It reviews precedents like the Libyan intervention, the political dynamics of Security Council decisions, and the inherent challenges in implementing R2P due to political interests and the veto right of permanent members. The findings suggest that R2P, while theoretically applicable, faces significant practical and political barriers, particularly in conflicts involving primary power interests, rendering its utility in Israeli aggression on Gaza limited and highly politicized.
530 _aصدر أيضًا كقرص مدمج.
546 _aالنص بالعربية والملخص باللغة الإنجليزية والعربية.
650 7 _aحقوق الإنسان
_2qrmak
653 0 _aالمسؤولية عن الحماية الدولية
_aالقانون الدولي
_aالقانون الدولي الإنساني
700 0 _aأحمد الرشيدي
_eمشرف أطروحة.
700 0 _aهالة أحمد الرشيدي
_eمشرف أطروحة.
900 _b10-04-2025
_cأحمد الرشيدي
_cهالة أحمد الرشيدي
_dمحمد شوقي عبد العال
_dمحمد صافي
_Uجامعة القاهرة
_Fكلية الإقتصاد والعلوم السياسية
_Dقسم العلوم السياسية
905 _aSara
942 _2ddc
_cTH
_e21
_n0
999 _c180237